Normal view
MARC view
- الاردن - تاريخ - عبدالله بن الحسين الاول - وثائق
Entry Topical Term
001 - CONTROL NUMBER
- control field: 58843
003 - CONTROL NUMBER IDENTIFIER
- control field: JO-AjAnu
005 - DATE AND TIME OF LATEST TRANSACTION
- control field: 20230606083627.0
008 - FIXED-LENGTH DATA ELEMENTS
- fixed length control field: 230606|| aca||aabn | a|a d
040 ## - CATALOGING SOURCE
- Original cataloging agency: JO-AjAnu
- Transcribing agency: JO-AjAnu
150 ## - HEADING--TOPICAL TERM
- Topical term or geographic name entry element: الاردن - تاريخ - عبدالله بن الحسين الاول - وثائق
670 ## - SOURCE DATA FOUND
- Source citation: Work cat.: (JO-AjAnu)30017: عبدالله بن الحسين ملك الاردن، 1921-1951؛ إشراف محمد عدنان البخيت؛ جمع وإعداد هند غسان أبو الشعر؛ المتابعة والتنسيق باسل غازي الجغامين, author 58842, الوثائق الهاشمية: أوراق عبدالله بن الحسين:الموازنات العمومية في عهد إمارة شرقي الاردن(1926-1940)مج25، القسم الاول